000 00486nam a22001937a 4500
003 NUST-PNEC
005 20170114142446.0
008 140331b xxu||||| |||| 00| 0 eng d
020 _a0070089868
040 _cPNEC
082 _a530 BUE
100 _910
_aBueche Frederick J.
245 _aPrinciples of physics
_cFrederick J. Bueche, David A. Jerde
250 _a6th ed.
260 _bMcGraw Hill
_cc.1995
300 _axxii, 905 p. :
_bill:
_c24cm
650 _xME
942 _2ddc
_cBK
999 _c59971
_d59971